| 000 | 00490nam a22001697a 4500 | ||
|---|---|---|---|
| 003 | MACL | ||
| 005 | 20160113120741.0 | ||
| 008 | 160113b xxu||||| |||| 00| 0 eng d | ||
| 040 | _cMACL | ||
| 041 | _aEnglish | ||
| 082 | _a580 | ||
| 100 |
_aMubashshir Dr. Md _931618 |
||
| 245 | _aUnique Quintessence Of Botany An Integral Part Of Preparation For Civil Services & Other Competitive Examinations | ||
| 260 |
_aNew Delhi _bUnique Publishers |
||
| 650 |
_aBotany _96050 |
||
| 942 |
_2ddc _cBK |
||
| 999 |
_c52132 _d52132 |
||